000 00364pab a2200145 454500
008 180718b1998 xxu||||| |||| 00| 0 eng d
100 _aShukla, Madhukar
245 _aStrategic research for technological innovation
260 _c1998
300 _ap.204-10
362 _aJul-Sep
650 _aScientific innovations
773 _aProductivity
909 _a39002
999 _c39002
_d39002